<?xml version="1.0" encoding="UTF-8"?>
<collection xmlns="http://www.loc.gov/MARC21/slim">
<record>
  <controlfield tag="001">308644</controlfield>
  <controlfield tag="005">20240928181452.0</controlfield>
  <datafield tag="035" ind1=" " ind2=" ">
    <subfield code="a">G:(GEPRIS)29227708</subfield>
  </datafield>
  <datafield tag="024" ind1="7" ind2=" ">
    <subfield code="a">G:(GEPRIS)29227708</subfield>
    <subfield code="d">29227708</subfield>
  </datafield>
  <datafield tag="040" ind1=" " ind2=" ">
    <subfield code="a">GEPRIS</subfield>
    <subfield code="c">http://gepris.its.kfa-juelich.de</subfield>
  </datafield>
  <datafield tag="150" ind1=" " ind2=" ">
    <subfield code="a">Shaping micro- and macroscopic properties of ionic liquid-solute systems: multifunctional task-specific (solvent, catalyst, water scavenger) agents</subfield>
    <subfield code="y">2006 - 2016</subfield>
  </datafield>
  <datafield tag="371" ind1=" " ind2=" ">
    <subfield code="a">Professorin Dr. Annegret Stark</subfield>
  </datafield>
  <datafield tag="450" ind1=" " ind2=" ">
    <subfield code="a">DFG project G:(GEPRIS)29227708</subfield>
    <subfield code="w">d</subfield>
    <subfield code="y">2006 - 2016</subfield>
  </datafield>
  <datafield tag="510" ind1="1" ind2=" ">
    <subfield code="a">Deutsche Forschungsgemeinschaft</subfield>
    <subfield code="0">I:(DE-588b)2007744-0</subfield>
    <subfield code="b">DFG</subfield>
  </datafield>
  <datafield tag="550" ind1=" " ind2=" ">
    <subfield code="0">G:(GEPRIS)12918457</subfield>
    <subfield code="a">SPP 1191: Ionische Flüssigkeiten</subfield>
    <subfield code="w">t</subfield>
  </datafield>
  <datafield tag="680" ind1=" " ind2=" ">
    <subfield code="a">A multi-functional task-specific ionic liquid is developed to simultaneously act as a solvent, catalyst and water scavenger in a typical condensation reaction: the esterification. The research methodology includes the investigation of several homologous series of ionic liquids. Systematic calorimetric as well as physico-chemical studies (viscosity, density, electric conductivity) as functions of temperature and type and concentration of solute are performed in addition to kinetic experiments. The comprehensive data obtained is analyzed using a group contribution approach to elucidate the structure-property relationship of the ionic liquids with respect to their effects and performance in the esterification. In an iterative process, new generations of ionic liquids with optimized structural characteristics are synthesized to verify the predictions made by the group contribution approach. An interdisciplinary network between the universities of Jena and Leipzig and two groups in Freiburg is proposed in which each project in its own right contributes essentially to furthering the understanding of ionic liquid structure-property relationships. The four research groups will, however, mutually benefit from the complementary expertise of the partners in a network of chemical engineers, physicists, and chemists. New methods of generating physico-chemical data are validated with existing methodology, and the large set of data obtained from ionic liquids of known purity is shared within the network, thus enabling the partners to analyze the results from a cross-section of science: fundamental and theoretical as well as technological and experimental.</subfield>
  </datafield>
  <datafield tag="909" ind1="C" ind2="O">
    <subfield code="o">oai:juser.fz-juelich.de:975519</subfield>
    <subfield code="p">authority:GRANT</subfield>
    <subfield code="p">authority</subfield>
  </datafield>
  <datafield tag="980" ind1=" " ind2=" ">
    <subfield code="a">G</subfield>
  </datafield>
  <datafield tag="980" ind1=" " ind2=" ">
    <subfield code="a">AUTHORITY</subfield>
  </datafield>
  <datafield tag="909" ind1="C" ind2="O">
    <subfield code="o">oai:juser.fz-juelich.de:975519</subfield>
  </datafield>
</record>
</collection>